Fr. Conceicao Rodrigues College of Engineering

Electrical Measurements & Measuring Instruments (Record no. 23220)

MARC details
000 -LEADER
fixed length control field 00370nam a2200145Ia 4500
082 ## - DEWEY DECIMAL CLASSIFICATION NUMBER
Classification number 621.3
100 ## - MAIN ENTRY--PERSONAL NAME
Personal name Golding/E.W & Widdis F.C
245 ## - TITLE STATEMENT
Title Electrical Measurements & Measuring Instruments
260 ## - PUBLICATION, DISTRIBUTION, ETC.
Name of publisher, distributor, etc. English Language
Place of publication, distribution, etc. London
Date of publication, distribution, etc. 1970
300 ## - PHYSICAL DESCRIPTION
Extent 952
546 ## - LANGUAGE NOTE
Language note ENGLISH
650 ## - SUBJECT ADDED ENTRY--TOPICAL TERM
Topical term or geographic name entry element Electrical Engineering
654 ## - SUBJECT ADDED ENTRY--FACETED TOPICAL TERMS
Focus term Measuring Instruments
942 ## - ADDED ENTRY ELEMENTS (KOHA)
Koha item type BOOK
Holdings
Withdrawn status Lost status Damaged status Not for loan Collection Home library Current library Date acquired Cost, normal purchase price Inventory number Total Checkouts Full call number Barcode Date last seen Cost, replacement price Price effective from Koha item type
        AFT Fr. Agnel's C.Rodrigues College of Engineering Fr. Agnel's C.Rodrigues College of Engineering 17/03/2023 18.00 T-258   621.3 AFT1317 17/03/2023 18.00 17/03/2023 BOOK
        AFT Fr. Agnel's C.Rodrigues College of Engineering Fr. Agnel's C.Rodrigues College of Engineering 17/03/2023 18.00 T-258   621.3 AFT1318 17/03/2023 18.00 17/03/2023 BOOK